000
00307nam a22001337a 4500
008
181022b xxu||||| |||| 00| 0 eng d
020
_a
0135217253
041
_a
eng
080
_2
6th
_a
331.101.262
100
_a
52
101
_a
BNJ
245
_a
Behavior in Organizations
_c
Greenberg,J
942
_2
udc
_c
BK
999
_c
50382
_d
50382